[Event "Titled Tuesday intern op 13th Feb Early"]
[Site "Chess.com INT"]
[Date "2024.02.13"]
[Round "2"]
[White "Goldin, Alexander"]
[Black "Rakhmatullaev, Almas"]
[Result "0-1"]
[WhiteElo "2542"]
[BlackElo "2426"]
[PlyCount "106"]
[EventDate "2024.02.13"]
[EventType "swiss (blitz)"]
[EventRounds "11"]
[EventCountry "USA"]
[SourceTitle "CB08_2024"]
[SourceDate "2024.02.21"]
[SourceVersion "1"]
[SourceVersionDate "2024.02.21"]
[SourceQuality "1"]

1. d4 d5 2. c4 e5 3. e3 exd4 4. exd4 Nc6 5. Nc3 Nf6 6. Nf3 Bb4 7. Be2 dxc4 8. Bxc4 0-0 9. 0-0 Bg4 10. a3 Bd6 11. Be3 Qd7 12. Be2 Rad8 13. Qb3 b6 14. Rfd1 Qc8 15. Rac1 Ne7 16. Nb5 Ned5 17. Nxa7 Qf5 18. Nc6 Rde8 19. Nce5 Bxe5 20. dxe5 Nxe3 21. Qxe3 Bxf3 22. Bxf3 Rxe5 23. Qd4 Rfe8 24. h3 c5 25. Qd6 R5e6 26. Qc7 h5 27. Rd8 Qg5 28. Rcd1 Rxd8 29. Qxd8+ Kh7 30. Qd3+ g6 31. a4 Qe5 32. b3 Qf4 33. Qd8 Kg7 34. Qd3 g5 35. g3 Qe5 36. Kg2 g4 37. hxg4 hxg4 38. Bb7 Re7 39. Ba6 Rd7 40. Qc2 Rd4 41. Bc4 Ne4 42. Rxd4 cxd4 43. Qe2 f5 44. b4 Kf6 45. Bd3 Qd5 46. Bc4 Qb7 47. Kf1 Ng5 48. Qe8 Qh1+ 49. Ke2 Qf3+ 50. Ke1 Qc3+ 51. Kd1 Qxc4 52. Qd8+ Kg6 53. Qg8+ Qxg8 0-1

[Event "Titled Tuesday intern op 13th Feb Early"]
[Site "Chess.com INT"]
[Date "2024.02.13"]
[Round "1"]
[White "Goldin, Alexander"]
[Black "Rose, Felix"]
[Result "1-0"]
[WhiteElo "2542"]
[BlackElo "2091"]
[PlyCount "87"]
[EventDate "2024.02.13"]
[EventType "swiss (blitz)"]
[EventRounds "11"]
[EventCountry "USA"]
[SourceTitle "CB08_2024"]
[SourceDate "2024.02.21"]
[SourceVersion "1"]
[SourceVersionDate "2024.02.21"]
[SourceQuality "1"]

1. d4 d5 2. c4 e6 3. Nf3 Nf6 4. Bg5 Be7 5. Nc3 Nbd7 6. e3 h6 7. Bh4 0-0 8. Rc1 c5 9. cxd5 Nxd5 10. Bg3 cxd4 11. exd4 N7f6 12. Bd3 b6 13. 0-0 Bb7 14. Bb1 Rc8 15. Qe2 Nxc3 16. Rxc3 Rxc3 17. bxc3 Qd5 18. c4 Qh5 19. d5 Bc8 20. d6 Bd8 21. Rd1 Ba6 22. Qd3 Qc5 23. Ne5 Kh8 24. Nd7 Qxc4 25. Qxc4 Bxc4 26. Nxf8 Kg8 27. Rc1 b5 28. Nxe6 fxe6 29. Be5 Kf7 30. Bd4 Ne8 31. a4 Nxd6 32. axb5 Bxb5 33. Bxa7 Bf6 34. h3 Nc4 35. Bc5 Nd2 36. Bc2 Nc4 37. Be3 Nxe3 38. fxe3 e5 39. Kf2 Ke6 40. Be4 Kd6 41. Rb1 Bc6 42. Rb6 Kc5 43. Rxc6+ Kb4 44. Rc7 1-0

[Event "Titled Tuesday intern op 26th Sep Early"]
[Site "Chess.com INT"]
[Date "2023.09.26"]
[Round "7"]
[White "Ashraf, Artin"]
[Black "Goldin, Alexander"]
[Result "1-0"]
[WhiteElo "2340"]
[BlackElo "2542"]
[PlyCount "105"]
[EventDate "2023.09.26"]
[EventType "swiss (blitz)"]
[EventRounds "11"]
[EventCountry "USA"]
[SourceTitle "EXT 2024"]
[Source "ChessBase"]
[SourceDate "2023.10.10"]
[SourceVersion "1"]
[SourceVersionDate "2023.10.10"]
[SourceQuality "1"]

1. c4 e6 2. d4 d5 3. Nc3 Nf6 4. Nf3 Be7 5. Bf4 c5 6. e3 cxd4 7. exd4 0-0 8. c5 b6 9. b4 a5 10. a3 Ne4 11. Nb5 axb4 12. axb4 Rxa1 13. Qxa1 Nc6 14. Bc7 Qd7 15. Bxb6 Nxb4 16. Qa4 Nc6 17. Bd3 e5 18. 0-0 Bf6 19. Nc7 exd4 20. Qa8 Nb4 21. Bb5 Qf5 22. Qa4 Qg6 23. Qxb4 Bh3 24. g3 Bxf1 25. Bxf1 Nc3 26. c6 Qe4 27. Kg2 g5 28. h3 h5 29. Bxd4 g4 30. hxg4 hxg4 31. Bxc3 Qxf3+ 32. Kg1 Qxc3 33. Qxg4+ Bg7 34. Nxd5 Qe5 35. Qf3 Rc8 36. Bb5 Qd6 37. Kg2 Kf8 38. Qf5 Qe6 39. Qf3 Rd8 40. Nb6 Qd6 41. Nd7+ Kg8 42. Qf5 Re8 43. Qf3 Qc7 44. Bc4 Re7 45. Qd5 Qd8 46. Qd6 Re6 47. Bxe6 fxe6 48. Qxe6+ Kh8 49. Qh3+ Kg8 50. Qf5 Qe7 51. Qd5+ Kh7 52. c7 Qe8 53. Nb6 1-0

[Event "Titled Tuesday intern op 26th Sep Early"]
[Site "Chess.com INT"]
[Date "2023.09.26"]
[Round "4"]
[White "Passen, Brett"]
[Black "Goldin, Alexander"]
[Result "0-1"]
[WhiteElo "1909"]
[BlackElo "2542"]
[PlyCount "54"]
[EventDate "2023.09.26"]
[EventType "swiss (blitz)"]
[EventRounds "11"]
[EventCountry "USA"]
[SourceTitle "EXT 2024"]
[Source "ChessBase"]
[SourceDate "2023.10.10"]
[SourceVersion "1"]
[SourceVersionDate "2023.10.10"]
[SourceQuality "1"]

1. c4 e6 2. Nc3 d5 3. d4 Nf6 4. cxd5 exd5 5. Bg5 Be7 6. e3 c6 7. Bd3 Nbd7 8. Qc2 Nh5 9. Bxe7 Qxe7 10. Nge2 g6 11. g4 Ng7 12. 0-0-0 Nb6 13. h3 Bd7 14. Kb1 0-0-0 15. Ng3 h5 16. Be2 hxg4 17. hxg4 Kb8 18. b3 Qf6 19. f3 Bc8 20. Qd2 Qd6 21. Rxh8 Rxh8 22. Rg1 Rh2 23. Qe1 Ne6 24. Qf1 Ng5 25. Rg2 Rh8 26. Rg1 Qe7 27. f4 Nh3 0-1

[Event "Titled Tuesday intern op 08th Aug Late"]
[Site "Chess.com INT"]
[Date "2023.08.08"]
[Round "6"]
[White "Ashraf, Artin"]
[Black "Goldin, Alexander"]
[Result "1-0"]
[WhiteElo "2352"]
[BlackElo "2542"]
[PlyCount "139"]
[EventDate "2023.08.08"]
[EventType "swiss (blitz)"]
[EventRounds "11"]
[EventCountry "USA"]
[SourceTitle "EXT 2024"]
[Source "ChessBase"]
[SourceDate "2023.10.10"]
[SourceVersion "1"]
[SourceVersionDate "2023.10.10"]
[SourceQuality "1"]

1. e4 e5 2. Nf3 Nc6 3. Bb5 a6 4. Ba4 d6 5. 0-0 Bd7 6. c3 Nge7 7. d4 Ng6 8. Re1 Be7 9. d5 Nb8 10. c4 0-0 11. Nc3 f5 12. Bxd7 Qxd7 13. exf5 Qxf5 14. Ne4 Nd7 15. Rb1 a5 16. b3 Nc5 17. Qe2 b6 18. Rb2 Rf7 19. a3 Raf8 20. b4 axb4 21. axb4 Nxe4 22. Qxe4 Qxe4 23. Rxe4 Rxf3 24. gxf3 Rxf3 25. Be3 h6 26. Ra2 Bg5 27. Ra8+ Kh7 28. Ra7 Bxe3 29. Rxe3 Rf7 30. c5 bxc5 31. bxc5 Rd7 32. c6 Rf7 33. Rb3 Nf4 34. Rb5 g5 35. f3 Kg6 36. Kf2 h5 37. Ke3 Kf5 38. Ra8 g4 39. Rg8 gxf3 40. Kxf3 Ng6 41. Ke3 Nf4 42. h4 Re7 43. Rg5+ Kf6 44. Ke4 Re8 45. Rb7 Ra8 46. Rxc7 Ra4+ 47. Kf3 Nxd5 48. Rd7 e4+ 49. Ke2 Ra2+ 50. Ke1 Ke6 51. Rg6+ Ke5 52. Rgxd6 Nf4 53. c7 Rc2 54. Rd2 Rc3 55. Re7+ Kf5 56. Rd8 e3 57. c8Q+ Rxc8 58. Rxc8 Kg4 59. Rc4 Kf3 60. Rf7 Kg3 61. Rcxf4 e2 62. Kxe2 Kg2 63. Rg7+ Kh2 64. Rf5 Kh3 65. Rxh5 Kh2 66. Rf5 Kh3 67. h5 Kh2 68. h6 Kh3 69. h7 Kh2 70. h8Q# 1-0

[Event "Titled Tuesday intern op 08th Aug Late"]
[Site "Chess.com INT"]
[Date "2023.08.08"]
[Round "4"]
[White "Goldin, Alexander"]
[Black "Vafin, Ayrat"]
[Result "1-0"]
[WhiteElo "2542"]
[BlackElo "2302"]
[PlyCount "97"]
[EventDate "2023.08.08"]
[EventType "swiss (blitz)"]
[EventRounds "11"]
[EventCountry "USA"]
[SourceTitle "EXT 2024"]
[Source "ChessBase"]
[SourceDate "2023.10.10"]
[SourceVersion "1"]
[SourceVersionDate "2023.10.10"]
[SourceQuality "1"]

1. Nf3 d5 2. g3 Nf6 3. Bg2 Bg4 4. c4 Bxf3 5. Bxf3 c6 6. Qb3 Qb6 7. Qc2 e6 8. d3 Nbd7 9. 0-0 Be7 10. Be3 Bc5 11. Bxc5 Nxc5 12. Nd2 0-0 13. Rfc1 Ncd7 14. Bg2 a5 15. Nf3 Rac8 16. h3 h6 17. e3 e5 18. cxd5 Nxd5 19. a3 Rfd8 20. Nd2 N7f6 21. Nc4 Qc7 22. Rab1 a4 23. Nd2 Ra8 24. Nf3 Qe7 25. Qc4 Nb6 26. Qc3 e4 27. dxe4 Nxe4 28. Qc2 Nd5 29. Kh2 h5 30. Rd1 Re8 31. Rd3 g5 32. Nd4 h4 33. g4 Qe5+ 34. Kg1 Nef6 35. Nf5 Rad8 36. Qxa4 Rb8 37. Qc2 Rbc8 38. Rbd1 Rb8 39. b4 Ra8 40. Qc4 Rab8 41. Rf1 Ra8 42. f4 Nxe3 43. Rxe3 Qc7 44. Rxe8+ Rxe8 45. fxg5 Nd7 46. Nh6+ Kh8 47. Qxf7 Qb6+ 48. Kh1 Ne5 49. Qxe8+ 1-0

[Event "Titled Tuesday intern op 08th Aug Early"]
[Site "Chess.com INT"]
[Date "2023.08.08"]
[Round "1"]
[White "Sariego Figueredo, Wilfredo"]
[Black "Goldin, Alexander"]
[Result "0-1"]
[WhiteElo "2318"]
[BlackElo "2542"]
[PlyCount "104"]
[EventDate "2023.08.08"]
[EventType "swiss (blitz)"]
[EventRounds "11"]
[EventCountry "USA"]
[SourceTitle "EXT 2024"]
[Source "ChessBase"]
[SourceDate "2023.10.10"]
[SourceVersion "1"]
[SourceVersionDate "2023.10.10"]
[SourceQuality "1"]

1. d4 Nf6 2. Bf4 d6 3. Nc3 Nbd7 4. Nf3 c5 5. d5 g6 6. e4 Bg7 7. Be2 Nh5 8. Bd2 0-0 9. 0-0 a6 10. a4 Rb8 11. a5 h6 12. Re1 Kh7 13. Kh1 Qc7 14. Ng1 Nhf6 15. f4 c4 16. Be3 Nc5 17. Bf3 b5 18. axb6 Rxb6 19. Bxc5 dxc5 20. e5 Ne8 21. Na4 Rb8 22. Be2 f6 23. Bxc4 fxe5 24. fxe5 Bxe5 25. c3 Bxh2 26. Nf3 Bg3 27. Re2 Nf6 28. Qc2 Bf5 29. Bd3 Nxd5 30. Bxf5 Rxf5 31. Qe4 Bd6 32. g4 Nf6 33. Qc4 Rf4 34. Qd3 Rxg4 35. Rae1 Rf8 36. Ne5 Rg5 37. Nc4 Rf7 38. Nxd6 exd6 39. Qxa6 Nh5 40. Re6 Ng3+ 41. Kh2 Nf5 42. Qb6 Qd7 43. b3 Rh5+ 44. Kg1 Nh4 45. R1e3 Nf3+ 46. Kg2 Ng5 47. c4 Nxe6 48. Nc3 Nf4+ 49. Kg1 Qg4+ 50. Kf1 Nd3+ 51. Rf3 Qxf3+ 52. Kg1 Qf2# 0-1

[Event "Titled Tuesday intern op 01st Aug Late"]
[Site "Chess.com INT"]
[Date "2023.08.01"]
[Round "5"]
[White "Gaal, Zsoka"]
[Black "Goldin, Alexander"]
[Result "0-1"]
[WhiteElo "2314"]
[BlackElo "2542"]
[PlyCount "60"]
[EventDate "2023.08.01"]
[EventType "swiss (blitz)"]
[EventRounds "11"]
[EventCountry "USA"]
[SourceTitle "EXT 2024"]
[Source "ChessBase"]
[SourceDate "2023.10.10"]
[SourceVersion "1"]
[SourceVersionDate "2023.10.10"]
[SourceQuality "1"]

1. Nf3 d5 2. g3 g6 3. Bg2 Bg7 4. d4 Nf6 5. 0-0 0-0 6. b3 c5 7. Bb2 cxd4 8. Nxd4 e5 9. Nf3 e4 10. Nd4 Nc6 11. Nd2 Qe7 12. a4 Re8 13. a5 e3 14. N2f3 exf2+ 15. Rxf2 Ng4 16. Nxc6 bxc6 17. Bxg7 Nxf2 18. Qd4 Ne4 19. Rf1 f6 20. Bh6 Ba6 21. c4 Rad8 22. Nd2 dxc4 23. Qxe4 Qc5+ 24. Kh1 Rxe4 25. Nxe4 Qe7 26. Nxf6+ Kh8 27. bxc4 Bxc4 28. Bg5 Qxe2 29. Ne4 Rd1 30. Bf6+ Kg8 0-1

[Event "Titled Tuesday intern op 01st Aug Late"]
[Site "Chess.com INT"]
[Date "2023.08.01"]
[Round "3"]
[White "Goldin, Alexander"]
[Black "Rees, Ioan"]
[Result "1-0"]
[WhiteElo "2542"]
[BlackElo "2289"]
[PlyCount "135"]
[EventDate "2023.08.01"]
[EventType "swiss (blitz)"]
[EventRounds "11"]
[EventCountry "USA"]
[SourceTitle "EXT 2024"]
[Source "ChessBase"]
[SourceDate "2023.10.10"]
[SourceVersion "1"]
[SourceVersionDate "2023.10.10"]
[SourceQuality "1"]

1. d4 Nf6 2. c4 e6 3. Nf3 b6 4. a3 Bb7 5. Nc3 d5 6. cxd5 Nxd5 7. e3 Be7 8. Bb5+ c6 9. Bd3 0-0 10. 0-0 Nd7 11. e4 Nxc3 12. bxc3 c5 13. Qe2 cxd4 14. cxd4 h6 15. Bf4 Rc8 16. Rfd1 Bg5 17. Nxg5 hxg5 18. Be3 e5 19. d5 Nc5 20. Bc2 Qd6 21. Bxg5 Ba6 22. Qd2 f6 23. Be3 Rc7 24. Ra2 Rfc8 25. Rb2 Bc4 26. f3 b5 27. Ra1 a6 28. h3 Nb7 29. Kh2 a5 30. Bd1 a4 31. Rc2 Nc5 32. Qb4 Nb7 33. Qxd6 Nxd6 34. Rac1 f5 35. exf5 Nxf5 36. Bf2 Nd4 37. Rb2 Nb3 38. Bxb3 axb3 39. d6 Rd7 40. Rd2 Rc6 41. Bg3 Rcxd6 42. Rxd6 Rxd6 43. Bxe5 Ra6 44. Bb2 Rd6 45. a4 Rd2 46. axb5 Bxb5 47. Bc3 Rc2 48. Rxc2 bxc2 49. Bb2 Bd3 50. h4 Kf8 51. g4 Kf7 52. Kg3 g6 53. Kf4 Ke6 54. Kg5 Kf7 55. f4 Kg8 56. Kh6 Be4 57. h5 gxh5 58. Kxh5 Kf7 59. f5 Bd3 60. Kg5 Be4 61. Kf4 Bd3 62. g5 Kg8 63. g6 Kf8 64. Kg5 Kg8 65. f6 Kf8 66. Ba3+ Kg8 67. f7+ Kh8 68. f8Q# 1-0

[Event "Titled Tuesday intern op 01st Aug Late"]
[Site "Chess.com INT"]
[Date "2023.08.01"]
[Round "4"]
[White "Goldin, Alexander"]
[Black "Sari, Yasin"]
[Result "1-0"]
[WhiteElo "2542"]
[BlackElo "2280"]
[PlyCount "29"]
[EventDate "2023.08.01"]
[EventType "swiss (blitz)"]
[EventRounds "11"]
[EventCountry "USA"]
[SourceTitle "EXT 2024"]
[Source "ChessBase"]
[SourceDate "2023.10.10"]
[SourceVersion "1"]
[SourceVersionDate "2023.10.10"]
[SourceQuality "1"]

1. d4 Nf6 2. Nf3 g6 3. g3 Bg7 4. Bg2 0-0 5. 0-0 d6 6. c4 Nc6 7. Nc3 a6 8. h3 Rb8 9. e4 e5 10. dxe5 Nxe5 11. Nxe5 dxe5 12. Qxd8 Rxd8 13. Bg5 c6 14. f4 h5 15. fxe5 1-0

[Event "Titled Tuesday intern op 11th Jul Early"]
[Site "Chess.com INT"]
[Date "2023.07.11"]
[Round "1"]
[White "Adireddy, Arjun"]
[Black "Goldin, Alexander"]
[Result "0-1"]
[WhiteElo "2057"]
[BlackElo "2542"]
[PlyCount "150"]
[EventDate "2023.07.11"]
[EventType "swiss (blitz)"]
[EventRounds "11"]
[EventCountry "USA"]
[SourceTitle "EXT 2024"]
[Source "ChessBase"]
[SourceDate "2023.10.10"]
[SourceVersion "1"]
[SourceVersionDate "2023.10.10"]
[SourceQuality "1"]

1. e4 e5 2. Nf3 Nc6 3. Bb5 a6 4. Ba4 d6 5. 0-0 Bd7 6. c3 Nge7 7. d4 Ng6 8. Re1 Be7 9. Nbd2 h6 10. Nf1 Bg5 11. d5 Nb8 12. Bxd7+ Nxd7 13. Nxg5 hxg5 14. Qg4 f6 15. g3 Nc5 16. b4 Nd3 17. Rd1 Nxc1 18. Raxc1 Qd7 19. Ne3 Qxg4 20. Nxg4 a5 21. b5 Nf8 22. Kg2 Nd7 23. f3 Kf7 24. Ne3 g6 25. g4 Rh7 26. h3 a4 27. c4 Nc5 28. Rd2 a3 29. Rb1 b6 30. Kg3 Ra4 31. Kg2 Nb7 32. Kg3 Na5 33. Rc2 Ke7 34. Rc3 Kd7 35. Kg2 Nb7 36. Kg3 Nc5 37. Kg2 Rh8 38. Kg3 Rha8 39. Kg2 Ke7 40. Kg3 Kf7 41. Kg2 Nd7 42. Kg3 Ke7 43. Kg2 Rh8 44. Kg3 Nc5 45. Kg2 Nb7 46. Kg3 Nd8 47. Kg2 Nf7 48. Kg3 Nh6 49. Rbb3 Rha8 50. Nc2 f5 51. Rxa3 fxe4 52. fxe4 Ng8 53. Rxa4 Rxa4 54. a3 Nf6 55. Kf3 Ra8 56. Ke3 Rh8 57. Ne1 Rxh3+ 58. Nf3 Nxg4+ 59. Ke2 Nf6 60. Re3 g4 61. Ng5 Rh2+ 62. Kd3 Ra2 63. Re1 Rxa3+ 64. Kc2 g3 65. Rg1 Nh5 66. Ne6 Nf4 67. Nxc7 g2 68. Kd2 Ra2+ 69. Ke3 Nh3 70. Re1 g1Q+ 71. Rxg1 Nxg1 72. Ne6 Nh3 73. Kf3 Nf4 74. Nxf4 exf4 75. Kxf4 Kf6 0-1

[Event "Titled Tuesday intern op 11th Jul Early"]
[Site "Chess.com INT"]
[Date "2023.07.11"]
[Round "6"]
[White "Goldin, Alexander"]
[Black "Galchenko, Matvey"]
[Result "0-1"]
[WhiteElo "2542"]
[BlackElo "2438"]
[PlyCount "56"]
[EventDate "2023.07.11"]
[EventType "swiss (blitz)"]
[EventRounds "11"]
[EventCountry "USA"]
[SourceTitle "EXT 2024"]
[Source "ChessBase"]
[SourceDate "2023.10.10"]
[SourceVersion "1"]
[SourceVersionDate "2023.10.10"]
[SourceQuality "1"]

1. Nf3 c5 2. e3 Nf6 3. d4 g6 4. c3 cxd4 5. exd4 Bg7 6. Be2 0-0 7. 0-0 d6 8. h3 Nc6 9. Bf4 Qc7 10. Bh2 e5 11. Na3 a6 12. Nc4 Rd8 13. a4 Be6 14. Ne3 Nd5 15. Ng5 Nxe3 16. Nxe6 fxe6 17. fxe3 Bh6 18. Qd3 Qb6 19. Bg4 Re8 20. Rf6 Qxb2 21. Rb1 e4 22. Qxe4 Qxc3 23. Bxe6+ Kh8 24. Bf4 Bg7 25. Rf7 Nxd4 26. Rxg7 Nxe6 27. Rxh7+ Kxh7 28. Rxb7+ Ng7 0-1

[Event "Titled Tuesday intern op 11th Jul Early"]
[Site "Chess.com INT"]
[Date "2023.07.11"]
[Round "4"]
[White "Goldin, Alexander"]
[Black "Pakleza, Zbigniew"]
[Result "1/2-1/2"]
[WhiteElo "2542"]
[BlackElo "2494"]
[PlyCount "80"]
[EventDate "2023.07.11"]
[EventType "swiss (blitz)"]
[EventRounds "11"]
[EventCountry "USA"]
[SourceTitle "EXT 2024"]
[Source "ChessBase"]
[SourceDate "2023.10.10"]
[SourceVersion "1"]
[SourceVersionDate "2023.10.10"]
[SourceQuality "1"]

1. Nf3 d5 2. g3 Nf6 3. Bg2 Bf5 4. c4 c6 5. Qb3 Qb6 6. d3 e6 7. Be3 Qxb3 8. axb3 a6 9. Nc3 Nbd7 10. 0-0 Be7 11. h3 h6 12. cxd5 Nxd5 13. Nxd5 exd5 14. Bd4 0-0 15. Ne5 Nxe5 16. Bxe5 Rfe8 17. Bd4 Bb4 18. g4 Be6 19. Bf3 c5 20. Bc3 a5 21. d4 b6 22. Rfd1 Red8 23. Bxb4 cxb4 24. Rdc1 Rdc8 25. Kf1 Kf8 26. Ke1 Ke7 27. Kd2 Kd6 28. e3 g5 29. Be2 f6 30. h4 Bd7 31. hxg5 hxg5 32. Rh1 Rh8 33. f3 b5 34. Rxa5 Rxh1 35. Rxa8 Rh2 36. Ra6+ Ke7 37. Ke1 Rh1+ 38. Kd2 Rh2 39. Ke1 Rh1+ 40. Kd2 Rh2 1/2-1/2

[Event "Titled Tuesday intern op 11th Jul Early"]
[Site "Chess.com INT"]
[Date "2023.07.11"]
[Round "2"]
[White "Goldin, Alexander"]
[Black "Sailer, Mike L"]
[Result "1-0"]
[WhiteElo "2542"]
[BlackElo "2109"]
[PlyCount "57"]
[EventDate "2023.07.11"]
[EventType "swiss (blitz)"]
[EventRounds "11"]
[EventCountry "USA"]
[SourceTitle "EXT 2024"]
[Source "ChessBase"]
[SourceDate "2023.10.10"]
[SourceVersion "1"]
[SourceVersionDate "2023.10.10"]
[SourceQuality "1"]

1. Nf3 d5 2. g3 Nf6 3. Bg2 Bf5 4. c4 c6 5. Qb3 Qb6 6. d3 e6 7. Be3 Qc7 8. Nc3 Nbd7 9. Rc1 Nc5 10. Bxc5 Bxc5 11. cxd5 exd5 12. 0-0 Qb6 13. Qc2 Bd6 14. e4 dxe4 15. dxe4 Bg6 16. Qe2 Bb4 17. e5 Ng4 18. Nh4 Nh6 19. Nxg6 hxg6 20. e6 0-0 21. exf7+ Rxf7 22. Ne4 Nf5 23. Rcd1 Raf8 24. Qc4 Kh8 25. Ng5 Rf6 26. Rd7 Bc5 27. Ne4 Bb4 28. Nxf6 gxf6 29. Qg4 1-0

[Event "Titled Tuesday intern op 25th Apr Early"]
[Site "Chess.com INT"]
[Date "2023.04.25"]
[Round "6"]
[White "Goldin, Alexander"]
[Black "Bilan, Danila"]
[Result "1-0"]
[WhiteElo "2542"]
[BlackElo "2303"]
[PlyCount "83"]
[EventDate "2023.04.25"]
[EventType "swiss (blitz)"]
[EventRounds "11"]
[EventCountry "USA"]
[SourceTitle "EXT 2024"]
[Source "ChessBase"]
[SourceDate "2023.10.10"]
[SourceVersion "1"]
[SourceVersionDate "2023.10.10"]
[SourceQuality "1"]

1. Nf3 d5 2. g3 Nf6 3. Bg2 Bf5 4. c4 c6 5. Qb3 Qb6 6. d3 Nbd7 7. Be3 Qxb3 8. axb3 a6 9. Nc3 e6 10. Nh4 Bg6 11. Nxg6 hxg6 12. h3 Bb4 13. 0-0 Nc5 14. Na2 d4 15. Bxd4 Nxb3 16. Bxf6 gxf6 17. Nxb4 Nxa1 18. Rxa1 e5 19. Na2 Kd7 20. Nc3 b6 21. Kf1 Kc7 22. Ke1 a5 23. Kd2 f5 24. h4 f6 25. e3 g5 26. Rh1 Rag8 27. Bf3 Rg7 28. hxg5 Rxh1 29. gxf6 Rf7 30. Bxh1 Rxf6 31. Bf3 Rh6 32. Ke2 Kd6 33. d4 Rh8 34. dxe5+ Kxe5 35. Bxc6 Rc8 36. Bd5 Rh8 37. Nb5 Rh7 38. Nd4 Ra7 39. f4+ Kd6 40. Nxf5+ Kc5 41. Nd4 Kb4 42. Nc6+ 1-0

[Event "Titled Tuesday intern op 31st Jan Late"]
[Site "Chess.com INT"]
[Date "2023.01.31"]
[Round "4"]
[White "Goldin, Alexander"]
[Black "Hoffmann, Asa"]
[Result "1-0"]
[WhiteElo "2542"]
[BlackElo "2185"]
[PlyCount "47"]
[EventDate "2023.01.31"]
[EventType "swiss (blitz)"]
[EventRounds "11"]
[EventCountry "USA"]
[SourceTitle "CBM 212 Extra"]
[Source "ChessBase"]
[SourceDate "2023.03.31"]
[SourceVersion "1"]
[SourceVersionDate "2023.03.31"]
[SourceQuality "1"]

1. Nf3 d6 2. d4 Bg4 3. e4 Nf6 4. h3 Bh5 5. Qe2 c6 6. Nc3 e6 7. g4 Bg6 8. Bg2 d5 9. Ne5 dxe4 10. Be3 Bb4 11. h4 h5 12. Nxg6 fxg6 13. 0-0-0 Bxc3 14. bxc3 hxg4 15. Bg5 Nbd7 16. Bxe4 Qa5 17. Bxg6+ Ke7 18. Rhe1 Qxa2 19. d5 e5 20. dxc6 bxc6 21. Rxd7+ Kxd7 22. Qxe5 Rae8 23. Bf5+ Kd8 24. Qb8# 1-0

[Event "Titled Tuesday intern op 31st Jan Late"]
[Site "Chess.com INT"]
[Date "2023.01.31"]
[Round "1"]
[White "Goldin, Alexander"]
[Black "Pranav, V."]
[Result "0-1"]
[WhiteElo "2542"]
[BlackElo "2545"]
[PlyCount "72"]
[EventDate "2023.01.31"]
[EventType "swiss (blitz)"]
[EventRounds "11"]
[EventCountry "USA"]
[SourceTitle "CBM 212 Extra"]
[Source "ChessBase"]
[SourceDate "2023.03.31"]
[SourceVersion "1"]
[SourceVersionDate "2023.03.31"]
[SourceQuality "1"]

1. d4 Nf6 2. Nf3 e6 3. c4 b6 4. a3 Ba6 5. Qc2 c5 6. d5 exd5 7. cxd5 Be7 8. Nc3 0-0 9. g3 d6 10. Bg2 Re8 11. 0-0 Bf8 12. Re1 b5 13. b4 Nbd7 14. e4 Rc8 15. Bb2 g6 16. Qb3 Bg7 17. h4 Ng4 18. Rac1 Qb6 19. Re2 h5 20. Nd1 Bxb2 21. Qxb2 Nde5 22. Nxe5 Nxe5 23. Qd2 Bb7 24. Ne3 c4 25. Qc3 Re7 26. Kh2 Rce8 27. Rd1 Bc8 28. Qd4 Bg4 29. Nxg4 hxg4 30. Re3 Qxd4 31. Rxd4 Ra8 32. a4 a5 33. axb5 axb4 34. f4 gxf3 35. Bxf3 b3 36. Rd2 Ra2 0-1

[Event "Titled Tuesday intern op 17th Jan Early"]
[Site "Chess.com INT"]
[Date "2023.01.17"]
[Round "5"]
[White "Goldin, Alexander"]
[Black "Atabayev, Saparmyrat"]
[Result "0-1"]
[WhiteElo "2542"]
[BlackElo "2457"]
[PlyCount "98"]
[EventDate "2023.01.17"]
[EventType "swiss (blitz)"]
[EventRounds "11"]
[EventCountry "USA"]
[SourceTitle "CBM 212 Extra"]
[Source "ChessBase"]
[SourceDate "2023.03.31"]
[SourceVersion "1"]
[SourceVersionDate "2023.03.31"]
[SourceQuality "1"]

1. Nf3 Nf6 2. d4 g6 3. Nbd2 d5 4. g3 Bg7 5. Bg2 0-0 6. 0-0 Nbd7 7. c4 c6 8. b3 a5 9. Bb2 a4 10. Qc2 Nb6 11. e4 dxe4 12. Nxe4 Bf5 13. Nxf6+ Bxf6 14. Qe2 Bg4 15. Qe3 c5 16. Ne5 Bxe5 17. Qxe5 Nd7 18. Qe3 cxd4 19. Qxd4 Nf6 20. Qf4 Be6 21. b4 a3 22. Bd4 Ra4 23. Bc3 Qd3 24. Rac1 Qxc4 25. Qe5 Qxa2 26. g4 Rc8 27. g5 Rxc3 28. Rxc3 Ng4 29. Qd4 Qb2 30. Qd8+ Kg7 31. Qd4+ f6 32. gxf6+ Nxf6 33. Qe5 Ra6 34. b5 Rd6 35. Qc5 a2 36. Ra3 b6 37. Qe3 Ng4 38. Qg3 Rd2 39. Ra7 Qf6 40. h3 Nxf2 41. Rxf2 a1Q+ 42. Rxa1 Qxa1+ 43. Kh2 Rxf2 44. Qxf2 Qe5+ 45. Qg3 Qxg3+ 46. Kxg3 Bc4 47. Kf4 Bxb5 48. Ke5 Bd7 49. Be4 Bxh3 0-1

[Event "Titled Tuesday intern op 17th Jan Early"]
[Site "Chess.com INT"]
[Date "2023.01.17"]
[Round "8"]
[White "Wagner, Dennis"]
[Black "Goldin, Alexander"]
[Result "1-0"]
[WhiteElo "2584"]
[BlackElo "2542"]
[PlyCount "75"]
[EventDate "2023.01.17"]
[EventType "swiss (blitz)"]
[EventRounds "11"]
[EventCountry "USA"]
[SourceTitle "CBM 212 Extra"]
[Source "ChessBase"]
[SourceDate "2023.03.31"]
[SourceVersion "1"]
[SourceVersionDate "2023.03.31"]
[SourceQuality "1"]

1. d4 d5 2. c4 e6 3. Nf3 Nf6 4. g3 Bb4+ 5. Bd2 Bd6 6. Bg2 c6 7. 0-0 Nbd7 8. Bc3 Ne4 9. Nfd2 f5 10. Nxe4 fxe4 11. f3 exf3 12. exf3 0-0 13. f4 dxc4 14. Nd2 Nb6 15. Qe2 Bd7 16. Nxc4 Nxc4 17. Qxc4 Qf6 18. Rae1 Rae8 19. Qb3 Bc8 20. d5 Qf7 21. dxc6 bxc6 22. Bxc6 Bc5+ 23. Kh1 Ba6 24. Rf3 Rc8 25. Be4 Bb6 26. f5 Bc4 27. Qc2 Kh8 28. f6 g6 29. Qd2 Kg8 30. Qh6 e5 31. h4 Rfe8 32. h5 gxh5 33. Rf5 Kh8 34. Rxh5 Bd5 35. Qxh7+ Qxh7 36. Rxh7+ Kg8 37. Rg7+ Kf8 38. Bxd5 1-0

[Event "Titled Tuesday intern op 10th Jan Early"]
[Site "Chess.com INT"]
[Date "2023.01.10"]
[Round "1"]
[White "Goldin, Alexander"]
[Black "Puranik, Abhimanyu Sameer"]
[Result "0-1"]
[WhiteElo "2542"]
[BlackElo "2596"]
[PlyCount "36"]
[EventDate "2023.01.10"]
[EventType "swiss (blitz)"]
[EventRounds "11"]
[EventCountry "USA"]
[SourceTitle "EXT 2024"]
[Source "ChessBase"]
[SourceDate "2023.10.10"]
[SourceVersion "1"]
[SourceVersionDate "2023.10.10"]
[SourceQuality "1"]

1. Nf3 Nf6 2. d4 g6 3. g3 b6 4. Bg2 Bb7 5. 0-0 d5 6. b3 Bg7 7. Bb2 0-0 8. Nbd2 c5 9. c4 cxd4 10. Nxd4 e5 11. Nc2 Nc6 12. cxd5 Nxd5 13. Nc4 Nce7 14. Nxe5 Qc7 15. Nd3 Bxb2 16. Nxb2 Rfd8 17. Nd3 Rac8 18. Qd2 Qxc2 0-1